Bonaparte et l'Egypte : feu et lumières. L'album de l'exposition [présentée à l'] institut du monde arabe, Paris, 14 octobre 2008-19 mars 2009 [et au] musée des beaux-arts, Arras, 16 mai-19 octobre 2009

Saved in:

Main Author: Institut du monde arabe

Format: Book

Language: Undetermined

Published: Paris Hazan ; Institut du monde arabe 2008

Tags: Add Tag

No Tags, Be the first to tag this record!

Call Number: (P)DC225 .B664

LEADER 00542nam a2200133Ia 4500
008 240503s9999||||xx |||||||||||||| ||und||
020 |a 9782754103190 
050 4 |a (P)DC225 .B664 
100 1 |a Institut du monde arabe 
245 1 0 |a Bonaparte et l'Egypte : feu et lumières. L'album de l'exposition [présentée à l'] institut du monde arabe, Paris, 14 octobre 2008-19 mars 2009 [et au] musée des beaux-arts, Arras, 16 mai-19 octobre 2009  
264 1 |a Paris  |b Hazan ; Institut du monde arabe  |c 2008 
300 |a 47  |c 30 
942 |2 lcc  |c PT 
999 |c 58256  |d 58256